Libertad y planificación social
Збережено в:
| Автор: | |
|---|---|
| Формат: | Книга |
| Мова: | Іспанська |
| Опубліковано: |
Ciudad de México
Fondo de Cultura Económica
1942
|
| Серія: | Cuestiones de hoy. Sección de Sociología, 3
|
| Предмети: | |
| Теги: |
Додати тег
Немає тегів, Будьте першим, хто поставить тег для цього запису!
|
MARC
| LEADER | 00000nam a2200000 a 4500 | ||
|---|---|---|---|
| 001 | UCW6396 | ||
| 003 | CL-VaPUC | ||
| 008 | 911206e19420000MX |||||||||||||||||spa|d | ||
| 082 | 0 | 4 | |a 301 |b MAN |2 21 |
| 100 | |a Mannheim, Karl |e autor |9 256899 | ||
| 245 | 1 | 0 | |a Libertad y planificación social |
| 300 | |a 450 p | ||
| 942 | |c BK | ||
| 945 | |d 19911206 00:00:00 | ||
| 260 | |a Ciudad de México |b Fondo de Cultura Económica |c 1942 | ||
| 650 | 0 | |a Libertad |9 255686 | |
| 650 | 0 | |a Política social |9 257588 | |
| 583 | |a last modification |c 19911206 00:00:00 |k Rodrigo Vera | ||
| 490 | 0 | |a Cuestiones de hoy. Sección de Sociología, 3 | |
| 999 | |c 219471 |d 219469 | ||
| 952 | |0 0 |1 0 |4 0 |6 301_000000000000000_MAN_1942 |7 0 |8 A |9 210420 |a BIBEDU |b BIBEDU |d 2019-11-15 |i 2785536 |o 301 MAN 1942 |p 2785536 |r 2019-11-15 |w 2019-11-15 |y BK |k EDU | ||
| 952 | |0 0 |1 0 |4 0 |6 301_000000000000000_MAN_1942 |7 0 |8 P |9 210421 |a BIBGIM |b BIBGIM |d 2019-11-15 |i 3380017 |o 301 MAN 1942 |p 3380017 |r 2025-01-15 |w 2019-11-15 |y BK |k GIM | ||